000 00757nam a2200229Ia 4500
003 LK-CoDNM
008 010623t1981 xxu||||| |||| 00| 1 eng d
040 _aLK-CoDNM
_dLK-CoDNM
_eLK-CoDNM
041 _aeng
080 _aGOO X 725.17
100 _aGooneratne,Brendon.
245 _aFrom Governors Residence to President's House : Being an account of the building formerly known as Queens House,Colombo and of some of the Personalities Associated with it
260 _bSri Lanka National Archives
_aColombo
_c1981
300 _b87p,pl,ill,map., 42 cm
650 _aEdward Barnes
650 _aFort of Colombo
650 _aPresident's House
650 _aRobert Brownrigg
650 _aThomas Maitland
650 _aWilliam Henry
942 _cBK
999 _c111486
_d111486